Stati meno estesi degli Stati Uniti - Statistics

Statistiche generali
  • Questo quiz è stato fatto 23 volte
  • Il punteggio medio è 7 su 10
Statistiche sulle risposte
Superficie (km²) Stato federale % Corretto
22 608 New Jersey
85%
24 923 Vermont
85%
3 140 Rhode Island
80%
14 371 Connecticut
75%
32 133 Maryland
70%
27 336 Massachussets
70%
24 217 New Hampshire
70%
6 452 Delaware
65%
28 311 Hawaii
60%
62 755 Virginia Occidentale
60%
Nessun quiz corrispondente trovato
Distribuzione punteggi
Percentuale di utenti per punteggio
Percentile per numero di risposta
I tuoi punteggi nel tempo
Non hai fatto questo quiz